Loading...
| History - World | 0 | 6 | 0 | 0 | 60 | 14 | 51.33 | 3 | 3 | 28.30 | 39.39 |
| Science - Chemistry | 0 | 4 | 0 | 2 | 40 | 66 | 89.00 | 0 | 0 | 5.93 | 10.10 |
| Science - Physics | 0 | 4 | 0 | 3 | 40 | 63 | 86.50 | 0 | 0 | 6.71 | 12.12 |
| Current Events | 0 | 2 | 0 | 1 | 20 | 91 | 99.00 | 1 | 2 | 4.20 | 35.56 |
| History - European | 0 | 2 | 0 | 0 | 20 | 44 | 48.00 | 0 | 2 | 9.76 | 13.13 |
| Philosophy | 0 | 1 | 0 | 1 | 10 | 105 | 105.00 | 1 | 1 | 0.21 | 11.11 |
| Literature - European | 0 | 1 | 0 | 0 | 10 | 61 | 61.00 | 0 | 1 | 4.62 | 8.08 |
| Science - Other | 0 | 1 | 0 | 1 | 10 | 102 | 102.00 | 0 | 0 | 0.09 | 2.02 |
| History - Other | 0 | 1 | 0 | 0 | 10 | 76 | 76.00 | 0 | 1 | 3.13 | 7.07 |